| 000 | 00694nam a2200205 a 4500 | ||
|---|---|---|---|
| 005 | 20200104041514.0 | ||
| 008 | 161115nxx uk a||||r|||| 00| 0 spa d | ||
| 040 |
_aCO-BoIAVH _cCO-BoIAVH |
||
| 041 | 0 | _aeng | |
| 044 | _a-uk | ||
| 082 | 0 | 4 |
_a333.715 _bU34p |
| 110 | 2 |
_aDepartment for International Development. _bEnvironment Policy Department |
|
| 245 | 1 |
_auk@earth.people : _bpoverty the environment |
|
| 260 |
_aLondres (Inglaterra) : _bDFID, _c[s.f.]. |
||
| 300 |
_a64 páginas : _bilustraciones a color ; _c20 x 20 cm. |
||
| 650 | 2 | 6 |
_aMedio ambiente _xAspectos sociales |
| 650 | 2 | 6 | _aDesarrollo sostenible |
| 650 | 2 | 6 | _aSeguridad alimentaria |
| 942 |
_cLIBRO _2ddc |
||
| 999 |
_c705 _d705 |
||